000 01118nam a2200217Ia 4500
003 Ost
005 20260507075649.0
008 260507s9999||||xx |||||||||||||| ||und||
040 _cfsecg
041 _aara
082 _a658.4012
100 _aالخفاجي، عباس خضير
_eمؤلف
245 0 _aالإدارة الإستراتيجية :
_bالمدخل والمفاهيم والعمليات /
_c عباس خضير الخفاجي
260 _aعمان:
_bمكتبة دار الثقافة,
_c2004
300 _a270 صفحة؛
_bإيضاحات ؛
_c24 سم
520 _aالإدارة الإستراتيجية- مداخل الإدارة الإستراتيجية- التفكير الإستراتيجي- التوجيه الإستراتيجي- التحليل الإستراتيجي- تحليل موقف المنظمة- الإختيار الإستراتيجي- التنفيذ الإستراتيجي- الرقابة الإستراتيجية.
653 _aإدارة الأعمال
653 _aالإدارة الإستراتيجية
653 _aالتخطيط الاستراتيجي
942 _cكتاب
999 _c45555
_d45555